Politicisation of senior appointments in the Australian public service (Record no. 39642)

000 -LEADER
fixed length control field 01100pab a2200169 454500
008 - FIXED-LENGTH DATA ELEMENTS--GENERAL INFORMATION
fixed length control field 180718b1998 xxu||||| |||| 00| 0 eng d
100 ## - MAIN ENTRY--PERSONAL NAME
Personal name Mulgan, Richard
245 ## - TITLE STATEMENT
Title Politicisation of senior appointments in the Australian public service
260 ## - PUBLICATION, DISTRIBUTION, ETC.
Date of publication, distribution, etc. 1998
300 ## - PHYSICAL DESCRIPTION
Extent p.3-14
362 ## - DATES OF PUBLICATION AND/OR SEQUENTIAL DESIGNATION
Dates of publication and/or sequential designation Sep
520 ## - SUMMARY, ETC.
Summary, etc. The vexed question of politicisation and patronage in the Australian Public Service is explored in this article. Recent dismissals and appointments of department secretaries have raised concerns about political convenience, trends towards partisanship and the erosion of `frank and fearless' advice. Alternatively, governments have come to insist on `partnership' arrangements between ministers and secretaries, to enhance `political accountability' and install new management teams to better implement government policy. But do such forms of politicisation risk drifting toward a new `spoils system' most would want to avoid? - Reproduced
650 ## - SUBJECT ADDED ENTRY--TOPICAL TERM
Topical term or geographic name entry element Civil service - Australia
650 ## - SUBJECT ADDED ENTRY--TOPICAL TERM
Topical term or geographic name entry element Civil service
773 ## - HOST ITEM ENTRY
Main entry heading Australian Journal of Public Administration
909 ## -
-- 39642
Holdings
Withdrawn status Lost status Damaged status Not for loan Permanent Location Current Location Date acquired Serial Enumeration / chronology Barcode Date last seen Price effective from Koha item type
        Indian Institute of Public Administration Indian Institute of Public Administration 2018-07-19 Volume no: 57, Issue no: 3 AR40010 2018-07-19 2018-07-19 Articles

Powered by Koha